La pintura de Manet

Gorde:
Xehetasun bibliografikoak
Egile nagusia: Foucault, Michel (Egilea)
Formatua: Liburua
Hizkuntza:gaztelania
Argitaratua: Buenos Aires Fondo de Cultura Económica 2015
Edizioa:1a. ed
Saila:Colección Popular, 727
Gaiak:
Etiketak: Etiketa erantsi
Etiketarik gabe, Izan zaitez lehena erregistro honi etiketa jartzen!

MARC

LEADER 00000cam a2200000 a 4500
001 UCD6915
003 CL-VaPUC
008 170303e20150000ag |||||||||||||||||spa|d
020 |a 9789877190724 
082 0 4 |a 759.05  |b FOU  |2 21 
100 |a Foucault, Michel  |e author  |9 257945 
245 1 3 |a La pintura de Manet 
250 |a 1a. ed 
300 |a 98 p 
942 |c BK 
945 |d 20170303 17:35:00  |a dcastane 
260 |a Buenos Aires  |b Fondo de Cultura Económica  |c 2015 
600 0 |a Manet, Édouard,  |d 1832-1883  |9 266094 
650 0 |a Filosofía del arte  |9 264951 
650 0 |a Pintores franceses   |9 340354 
650 0 |a Pintura francesa  |9 266122 
583 |a last modification  |c 20170303 17:35:00  |k Rodrigo Vera 
490 0 |a Colección Popular, 727 
999 |c 367087  |d 367085 
952 |0 0  |1 0  |3 erb  |4 0  |6 759_050000000000000_FOU_2015  |7 0  |8 A  |9 481770  |a BIBART  |b BIBART  |i 5361443  |l 3  |o 759.05 FOU 2015  |p 5361443  |r 2025-03-13  |s 2023-05-15  |w 2019-11-24  |y BK  |z Catalogado en:20170303  |k ART